000 01223cam a2200361 a 4500
001 12908082
003 OSt
005 20170217121018.0
008 020827s2003 maua 001 0 eng d
010 _a 2002112258
020 _a0312397844 (pbk.)
035 _a(OCoLC)ocm51458837
040 _aCSG
_cCSG
_dCPA
_dOCLCQ
_dBAKER
_dDLC
042 _alccopycat
043 _an-us---
050 0 0 _aPE1127.P6
_bS54 2003
082 0 4 _a808.0427
_221
245 0 0 _aSigns of life in the U.S.A. :
_breadings on popular culture for writers /
_c[edited by] Sonia Maasik, Jack Solomon.
250 _a4th ed.
260 _aBoston :
_bBedford/St. Martin's,
_cc2003.
300 _axxiv, 819 p. :
_bill. (some col.) ;
_c23 cm.
500 _aIncludes index.
650 0 _aReaders
_xPopular culture.
650 0 _aEnglish language
_xRhetoric
_vProblems, exercises, etc.
650 0 _aReport writing
_vProblems, exercises, etc.
650 0 _aPopular culture
_zUnited States.
650 0 _aCollege readers.
700 1 _aMaasik, Sonia.
700 1 _aSolomon, J. Fisher
_q(James Fisher),
_d1954-
906 _a7
_bcbc
_ccopycat
_d2
_eepcn
_f20
_gy-gencatlg
942 _2lcc
_cBK
999 _c255533
_d255532